Examining issues for hazardous materials reauthorization : hearing before the Subcommittee on Railroads, Pipelines, and Hazardous Materials, Committee on Transportation and Infrastructure, House of Representatives, One Hundred Thirteenth Congress, second session, April 2, 2014.

Bibliographic Details
Corporate Author: United States. Congress. House. Committee on Transportation and Infrastructure. Subcommittee on Railroads, Pipelines, and Hazardous Materials (Author)
Format: Government Document eBook
Language:English
Published: Washington : U.S. Government Printing Office, 2014.
Subjects:
Online Access:PDF version
Text version
PDF version
Text version

MARC

Tag First Indicator Second Indicator Subfields
LEADER 00000cam a2200000 i 4500
001 in00003516708
005 20210430162429.0
006 m o d f
007 cr c||||||||||
008 141003s2014 dcu ob f000 0 eng c
035 |a (OCoLC)ocn892068524 
042 |a pcc 
043 |a n-us--- 
040 |a GPO  |b eng  |e rda  |e pn  |c GPO  |d GPO  |d OCLCF  |d GPO  |d MvI 
049 |a WWW 
050 1 4 |a KF27  |b .P89653 2014b 
074 |a 1024-C-01 (online) 
086 0 |a Y 4.T 68/2:113-63 
110 1 |a United States.  |b Congress.  |b House.  |b Committee on Transportation and Infrastructure.  |b Subcommittee on Railroads, Pipelines, and Hazardous Materials,  |e author. 
245 1 0 |a Examining issues for hazardous materials reauthorization :  |b hearing before the Subcommittee on Railroads, Pipelines, and Hazardous Materials, Committee on Transportation and Infrastructure, House of Representatives, One Hundred Thirteenth Congress, second session, April 2, 2014. 
246 3 0 |a Hazardous materials reauthorization :  |b hearing before the Subcommittee on Railroads, Pipelines, and Hazardous Materials, Committee on Transportation and Infrastructure, House of Representatives, One Hundred Thirteenth Congress, second session, April 2, 2014 
264 1 |a Washington :  |b U.S. Government Printing Office,  |c 2014. 
300 |a 1 online resource (viii, 118 pages) 
336 |a text  |2 rdacontent 
337 |a computer  |2 rdamedia 
338 |a online resource  |2 rdacarrier 
500 |a Title from title screen (viewed October 3, 2014). 
504 |a Includes bibliographical references. 
500 |a Print version is available for sale by the Superintendent of Documents, U.S. Government Printing Office. 
500 |a "113-63." 
610 1 0 |a United States.  |t Moving Ahead for Progress in the 21st Century Act or the MAP-21. 
650 0 |a Hazardous substances  |x Transportation  |x Law and legislation  |z United States. 
650 0 |a Hazardous substances  |x Transportation  |z United States  |x Safety measures. 
630 0 7 |a Moving Ahead for Progress in the 21st Century Act or the MAP-21 (United States)  |2 fast  |0 (OCoLC)fst01915563 
650 7 |a Hazardous substances  |x Transportation  |x Law and legislation.  |2 fast  |0 (OCoLC)fst00952279 
650 7 |a Hazardous substances  |x Transportation  |x Safety measures.  |2 fast  |0 (OCoLC)fst00952286 
651 7 |a United States.  |2 fast  |0 (OCoLC)fst01204155 
655 7 |a Legislative hearings.  |2 lcgft 
776 0 8 |i Print version:  |a United States. Congress. House. Committee on Transportation and Infrastructure. Subcommittee on Railroads, Pipelines, and Hazardous Materials.  |t Examining issues for hazardous materials reauthorization  |w (OCoLC)895656342 
776 0 8 |i Microfiche version:  |a United States. Congress. House. Committee on Transportation and Infrastructure. Subcommittee on Railroads, Pipelines, and Hazardous Materials.  |t Examining issues for hazardous materials reauthorization  |w (OCoLC)904399766 
856 4 0 |3 PDF version  |u https://purl.fdlp.gov/GPO/gpo52487  |t 0 
856 4 0 |3 Text version  |u https://purl.fdlp.gov/GPO/gpo52488  |t 0 
856 4 0 |3 PDF version  |u http://purl.fdlp.gov/GPO/gpo52487  |t 0 
856 4 0 |3 Text version  |u http://purl.fdlp.gov/GPO/gpo52488  |t 0 
999 f f |s 4ad3639b-f8e8-3397-bba5-a81350d3a197  |i a74083ff-7cc7-369a-8713-cdcd440ccf18  |t 0 
952 f f |a Texas A&M University  |b College Station  |c Electronic Resources  |d Available Online  |t 0  |e Y 4.T 68/2:113-63  |h Superintendent of Documents classification 
998 f f |a Y 4.T 68/2:113-63  |t 0  |l Available Online